Provincias de España por segunda ciudad más poblada - Estadísticas

Estadísticas generales
  • Esta prueba ha sido intentada 2.655 veces
    2.640 desde el último reinicio
  • La puntuación promedio es 32 de 50
Estadísticas de respuestas
Segunda ciudad más poblada Provincia % Correcto
L'Hospitalet de Llobregat Barcelona
93%
Elche Alicante
91%
Oviedo Asturias
91%
Móstoles Madrid
91%
Marbella Málaga
91%
Algeciras Cádiz
90%
Cartagena Murcia
90%
Mérida Badajoz
89%
Santiago de Compostela A Coruña
85%
Pontevedra Pontevedra
85%
Dos Hermanas Sevilla
84%
Reus Tarragona
84%
Roquetas de Mar Almería
78%
Barakaldo Vizcaya
78%
Villarreal Castellón
75%
Talavera de la Reina Toledo
75%
Ponferrada León
73%
Irún Guipúzcoa
71%
Miranda de Ebro Burgos
70%
Motril Granada
69%
Linares Jaén
69%
O Carballiño Ourense
69%
Lepe Huelva
68%
Plasencia Cáceres
67%
Calatayud Zaragoza
66%
Figueres Girona
65%
San Cristóbal de La Laguna Santa Cruz de Tenerife
63%
Torrent Valencia
62%
Tudela Navarra
55%
Puertollano Ciudad Real
54%
Azuqueca de Henares Guadalajara
54%
Calahorra La Rioja
52%
Torrelavega Cantabria
51%
Aguilar de Campoo Palencia
51%
Lucena Córdoba
49%
Telde Las Palmas
49%
Tàrrega Lleida
49%
Benavente Zamora
49%
Calvià Islas Baleares
47%
Alcañiz Teruel
46%
Laguna de Duero Valladolid
43%
Arévalo Ávila
42%
Monforte de Lemos Lugo
42%
Hellín Albacete
40%
Santa Marta de Tormes Salamanca
40%
Tarancón Cuenca
38%
Almazán Soria
36%
Llodio Álava
35%
Monzón Huesca
34%
El Espinar Segovia
32%
No se encontraron pruebas coincidentes
Distribución de puntuación
Porcentaje de gente con cada puntuación
Porcentaje por número respondido
Historial de tus puntuaciones
No has intentado esta prueba desde el último reinicio